|
|
|
|
| LEADER |
00000cam a2200000 c 4500 |
| 001 |
222742933 |
| 003 |
DE-627 |
| 005 |
20260212142737.0 |
| 007 |
tu |
| 008 |
970124s1997 xx ||||| b 00| ||ger c |
| 015 |
|
|
|a 97,N05,0147
|2 dnb
|
| 015 |
|
|
|a 97,A35,1280
|2 dnb
|
| 016 |
7 |
|
|a 949444138
|2 DE-101
|
| 020 |
|
|
|a 3766600745
|q ((Butzon und Bercker)
|
| 020 |
|
|
|a 3788716169
|q ((Neukirchener Verl.)
|
| 035 |
|
|
|a (DE-627)222742933
|
| 035 |
|
|
|a (DE-603)051795493
|
| 035 |
|
|
|a (DE-576)057047774
|
| 035 |
|
|
|a (DE-599)GBV222742933
|
| 035 |
|
|
|a (OCoLC)243851959
|
| 035 |
|
|
|a (OCoLC)36980895
|
| 040 |
|
|
|a DE-627
|b ger
|c DE-627
|e rakwb
|
| 041 |
|
|
|a ger
|a eng
|a fre
|a ita
|
| 050 |
|
0 |
|a DS56
|
| 082 |
0 |
|
|a 930
|q LOC
|2 21
|
| 084 |
|
|
|a 63
|2 sdnb
|
| 084 |
|
|
|a 63
|a 60
|a 13
|2 sdnb
|
| 084 |
|
|
|a 6,22
|a 1
|a 0
|2 ssgn
|
| 084 |
|
|
|a 1
|2 ssgn
|
| 084 |
|
|
|a BC 7600
|2 rvk
|0 (DE-625)rvk/9686:
|
| 084 |
|
|
|a BC 7525
|2 rvk
|0 (DE-625)rvk/9682:
|
| 084 |
|
|
|a 07
|2 bwlb
|
| 084 |
|
|
|a 15.26
|2 bkl
|
| 245 |
0 |
0 |
|a Ana šadî Labnāni lū allik
|b Beiträge zu altorientalischen und mittelmeerischen Kulturen ; Festschrift für Wolfgang Röllig
|c hrsg. von Beate Pongratz-Leisten ...
|
| 264 |
|
1 |
|a Neukirchen-Vluyn
|b Neukirchener Verl.
|c 1997
|
| 264 |
|
1 |
|a Kevelaer
|b Butzon & Bercker [u.a.]
|c 1997
|
| 300 |
|
|
|a XXXV, 472 S.
|b Ill., Kt.
|
| 336 |
|
|
|a Text
|b txt
|2 rdacontent
|
| 337 |
|
|
|a ohne Hilfsmittel zu benutzen
|b n
|2 rdamedia
|
| 338 |
|
|
|a Band
|b nc
|2 rdacarrier
|
| 361 |
1 |
|
|5 DE-18-303
|y 4661571495
|s 4-AS/ EL 7650 R714
|o Vorbesitz
|a Renger, Johannes
|0 (DE-588)121653331
|0 (DE-627)08144611X
|0 (DE-576)213846241
|
| 490 |
1 |
|
|a Alter Orient und Altes Testament
|v Bd. 247
|
| 500 |
|
|
|a Beitr. teilw. dt., teilw. engl., teilw. franz., teilw. ital. - Bibliogr. W. Röllig S. XVII-XXXV
|
| 583 |
1 |
|
|a Archivierung/Langzeitarchivierung gewährleistet
|f SSG
|x XA-DE-BW
|2 pdager
|5 DE-21
|
| 583 |
1 |
|
|a Archivierung/Langzeitarchivierung gewährleistet
|f SSG
|x XA-DE-BW
|2 pdager
|5 DE-21
|
| 583 |
1 |
|
|a Archivierung prüfen
|c 20240324
|f DE-4165
|z 2
|2 pdager
|
| 600 |
1 |
7 |
|0 (DE-588)11945680X
|0 (DE-627)080271103
|0 (DE-576)162761465
|a Röllig, Wolfgang
|d 1932-2023
|2 gnd
|7 (dpeaa)DE-631
|
| 601 |
|
|
|a Beitrag
|
| 601 |
|
|
|a Mittelmeer
|
| 601 |
|
|
|a Wolfgang
|
| 601 |
|
|
|a Festschrift
|
| 648 |
|
7 |
|a Geschichte
|2 gnd
|
| 650 |
0 |
7 |
|0 (DE-588)4172819-1
|0 (DE-627)105384585
|0 (DE-576)20994594X
|a Orientalistik
|2 gnd
|
| 651 |
|
0 |
|a Middle East
|x Antiquities
|
| 651 |
|
0 |
|a Iraq
|x Civilization
|y To 634
|
| 651 |
|
7 |
|0 (DE-588)4074900-9
|0 (DE-627)10608805X
|0 (DE-576)209195649
|a Mittelmeerraum
|2 gnd
|
| 651 |
|
7 |
|0 (DE-588)4001451-4
|0 (DE-627)106397052
|0 (DE-576)208842934
|a Alter Orient
|2 gnd
|
| 652 |
|
|
|a BC
|
| 655 |
|
7 |
|a Bibliografie
|0 (DE-588)4006432-3
|0 (DE-627)104814519
|0 (DE-576)208865578
|2 gnd-content
|
| 655 |
|
7 |
|a Aufsatzsammlung
|0 (DE-588)4143413-4
|0 (DE-627)105605727
|0 (DE-576)209726091
|2 gnd-content
|
| 655 |
|
7 |
|a Festschrift
|0 (DE-588)4016928-5
|0 (DE-627)104400986
|0 (DE-576)208917802
|2 gnd-content
|
| 689 |
0 |
0 |
|d p
|0 (DE-588)11945680X
|0 (DE-627)080271103
|0 (DE-576)162761465
|2 gnd
|a Röllig, Wolfgang
|d 1932-2023
|
| 689 |
0 |
|
|5 DE-101
|
| 689 |
1 |
0 |
|d g
|0 (DE-588)4001451-4
|0 (DE-627)106397052
|0 (DE-576)208842934
|2 gnd
|a Alter Orient
|
| 689 |
1 |
1 |
|q z
|2 gnd
|a Geschichte
|
| 689 |
1 |
|
|5 DE-101
|
| 689 |
2 |
0 |
|d p
|0 (DE-588)11945680X
|0 (DE-627)080271103
|0 (DE-576)162761465
|2 gnd
|a Röllig, Wolfgang
|d 1932-2023
|
| 689 |
2 |
|
|5 (DE-627)
|
| 689 |
3 |
0 |
|d g
|0 (DE-588)4001451-4
|0 (DE-627)106397052
|0 (DE-576)208842934
|2 gnd
|a Alter Orient
|
| 689 |
3 |
1 |
|d s
|0 (DE-588)4125698-0
|0 (DE-627)104470348
|0 (DE-576)209578750
|2 gnd
|a Kultur
|
| 689 |
3 |
2 |
|q z
|2 gnd
|a Geschichte
|
| 689 |
3 |
|
|5 (DE-627)
|
| 700 |
1 |
|
|e Hrsg.
|0 (DE-588)1078780099
|0 (DE-627)839446829
|0 (DE-576)172662400
|4 edt
|a Pongratz-Leisten, Beate
|
| 700 |
1 |
|
|e GefeierteR
|0 (DE-588)11945680X
|0 (DE-627)080271103
|0 (DE-576)162761465
|4 hnr
|a Röllig, Wolfgang
|d 1932-2023
|
| 830 |
|
0 |
|a Alter Orient und Altes Testament
|v 247
|9 247
|w (DE-627)129292370
|w (DE-576)01447350X
|w (DE-600)120640-0
|x 0931-4296
|7 am
|
| 856 |
4 |
2 |
|u https://swbplus.bsz-bw.de/bsz057047774inh.htm
|m V:DE-576
|v 2006-07-04
|3 Inhaltsverzeichnis
|7 1
|
| 856 |
4 |
2 |
|u http://scans.hebis.de/HEBCGI/show.pl?05179549_toc.pdf
|m V:DE-576
|q application/pdf
|3 Inhaltsverzeichnis
|7 1
|
| 889 |
|
|
|w (DE-627)279790198
|
| 935 |
|
|
|a mteo
|a BIIN
|a BWLB
|
| 935 |
|
|
|i mdedup
|
| 935 |
|
|
|i Blocktest
|
| 936 |
r |
v |
|a BC 7600
|b Festschriften für Personen
|k Theologie und Religionswissenschaften
|k Bibelwissenschaft
|k Biblische Theologie
|k Sammelwerke
|k Festschriften
|k Festschriften für Personen
|0 (DE-627)1270713264
|0 (DE-625)rvk/9686:
|0 (DE-576)200713264
|
| 936 |
r |
v |
|a BC 7525
|b Reihen, die das AT umfassen
|k Theologie und Religionswissenschaften
|k Bibelwissenschaft
|k Biblische Theologie
|k Sammelwerke
|k Schriftenreihen
|k Reihen, die das AT umfassen
|0 (DE-627)127071323X
|0 (DE-625)rvk/9682:
|0 (DE-576)20071323X
|
| 936 |
b |
k |
|a 15.26
|j Alter Orient
|j Nordafrika
|x Alte Geschichte
|0 (DE-627)181571021
|
| 936 |
s |
n |
|a b100
|2 mzub
|
| 936 |
s |
n |
|a l200
|2 mzub
|
| 936 |
s |
n |
|a n100
|2 mzub
|
| 951 |
|
|
|a BO
|
| ACO |
|
|
|a 1
|
| BIB |
|
|
|a 1
|
| ELC |
|
|
|b 1
|
| ITA |
|
|
|a 1
|t 1
|
| LOK |
|
|
|0 000 xxxxxcx a22 zn 4500
|
| LOK |
|
|
|0 001 3168004898
|
| LOK |
|
|
|0 003 DE-627
|
| LOK |
|
|
|0 004 222742933
|
| LOK |
|
|
|0 005 19971205000000
|
| LOK |
|
|
|0 008 970502||||||||||||||||ger|||||||
|
| LOK |
|
|
|0 040
|a DE-21
|c DE-627
|d DE-21
|
| LOK |
|
|
|0 852
|a DE-21
|
| LOK |
|
|
|0 852 1
|c 37 A 6093
|9 00
|
| LOK |
|
|
|0 935
|a vord
|
| LOK |
|
|
|0 936ln
|a v2.1
|
| LOK |
|
|
|0 939
|a 02-05-97
|b l01
|
| LOK |
|
|
|0 000 xxxxxcx a22 zn 4500
|
| LOK |
|
|
|0 001 3168004944
|
| LOK |
|
|
|0 003 DE-627
|
| LOK |
|
|
|0 004 222742933
|
| LOK |
|
|
|0 005 20070208094735
|
| LOK |
|
|
|0 008 970306||||||||||||||||ger|||||||
|
| LOK |
|
|
|0 040
|a DE-21-31
|c DE-627
|d DE-21-31
|
| LOK |
|
|
|0 541
|e 929/93
|
| LOK |
|
|
|0 852
|a DE-21-31
|
| LOK |
|
|
|0 852 1
|c Ce X 1-247
|m p
|9 00
|
| LOK |
|
|
|0 935
|a kneu
|
| LOK |
|
|
|0 938
|k p
|
| LOK |
|
|
|0 939
|a 06-03-97
|b l01
|
| LOK |
|
|
|0 000 xxxxxcx a22 zn 4500
|
| LOK |
|
|
|0 001 3168004952
|
| LOK |
|
|
|0 003 DE-627
|
| LOK |
|
|
|0 004 222742933
|
| LOK |
|
|
|0 005 20110512121714
|
| LOK |
|
|
|0 008 041130||||||||||||||||ger|||||||
|
| LOK |
|
|
|0 040
|a DE-21-11
|c DE-627
|d DE-21-11
|
| LOK |
|
|
|0 541
|e A97-010
|
| LOK |
|
|
|0 852
|a DE-21-11
|
| LOK |
|
|
|0 852 1
|c AOR C AOAT 247
|m p
|9 00
|
| LOK |
|
|
|0 935
|a k011
|a aori
|
| LOK |
|
|
|0 938
|k p
|
| LOK |
|
|
|0 939
|a 30-11-04
|b l01
|
| LOK |
|
|
|0 000 xxxxxcx a22 zn 4500
|
| LOK |
|
|
|0 001 3168005541
|
| LOK |
|
|
|0 003 DE-627
|
| LOK |
|
|
|0 004 222742933
|
| LOK |
|
|
|0 005 20190311234847
|
| LOK |
|
|
|0 008 190311||||||||||||||||ger|||||||
|
| LOK |
|
|
|0 035
|a (DE-Tue135-1)85325
|
| LOK |
|
|
|0 040
|a DE-Tue135-1
|c DE-627
|d DE-Tue135-1
|
| LOK |
|
|
|0 852
|a DE-Tue135-1
|
| LOK |
|
|
|0 852 1
|c FTHAT097540/247
|m p
|9 00
|
| LOK |
|
|
|0 852 2
|b Z 4/019
|9 00
|
| LOK |
|
|
|0 935
|a iALT
|
| LOK |
|
|
|0 936ln
|0 1442043377
|a BC
|
| LOK |
|
|
|0 938
|k p
|
| LOK |
|
|
|0 939
|a 11-03-19
|b l12
|
| ORI |
|
|
|a TA-MARC-ixtheoa001.raw
|
| REF |
|
|
|a Kulturgeschichte
|
| REL |
|
|
|a 1
|
| SPR |
|
|
|a 1
|t BIB
|t IXT
|t REL
|
| STA |
0 |
0 |
|a Ancient Orient,Culture,Culture,Culture,History,History,History in art,Mediterranean area,Mediterranean area,Mediterranean countries,Western Mediterranean area,Oriental philology,Middle Eastern philology
|
| STB |
0 |
0 |
|a Culture,Culture,Civilisation,Civilisation,Culture,Civilisation (motif),Civilisation,Histoire,Histoire,Histoire,Orientalisme <discipline>,Orientologie,Orientologie,Philologie moyen-orientale
|
| STC |
0 |
0 |
|a Cultura,Cultura,Historia,Historia,Historia,Orientalística
|
| STD |
0 |
0 |
|a Cultura,Cultura,Orientalistica,Storia,Storia
|
| STE |
0 |
0 |
|a 东方学,历史,史,文化
|
| STF |
0 |
0 |
|a 文化,東方學,歷史,史
|
| STG |
0 |
0 |
|a Cultura,Cultura,História,História,Orientalística
|
| STH |
0 |
0 |
|a Востоковедение,История (мотив),История,Культура (мотив),Культура
|
| STI |
0 |
0 |
|a Ανατολικές σπουδές,Ιστορία (μοτίβο),Ιστορία,Πολιτισμός <μοτίβο>,Πολιτισμός,Κουλτούρα,Κουλτούρα (μοτίβο)
|
| SUB |
|
|
|a BIB
|a REL
|
| SYA |
0 |
0 |
|a Rūlīġ, Vūlfġānġ,1932-2023
|
| SYE |
0 |
0 |
|a Orientwissenschaft,Orientwissenschaften
|
| SYF |
0 |
0 |
|a Mediterranean region,Mediterranean countries,Mittelmeerländer,Mittelmeerstaaten , Mittelmeerländer,Mittelmeerstaaten,Mittelmeer-Gebiet,Mittelmeer-Region,Mediterraneis,Mediterraneum , Orient,Vorderasien,Orient
|
| SYG |
0 |
0 |
|a Rūlīġ, Vūlfġānġ,1932-2023 , Orient,Vorderasien,Orient , History,Geschichtliche Epoche,Historical development,Historische Entwicklung,Landesgeschichte,Regionalgeschichte,Ortsgeschichte,Zeitgeschichte , Rūlīġ, Vūlfġānġ,1932-2023 , Orient,Vorderasien,Orient , Culture , History,Geschichtliche Epoche,Historical development,Historische Entwicklung,Landesgeschichte,Regionalgeschichte,Ortsgeschichte,Zeitgeschichte
|